| 000 | 00357 a2200169 4500 | ||
|---|---|---|---|
| 001 | 183491 | ||
| 020 | _a85-3232-3810-6 | ||
| 040 | _cMagnum | ||
| 100 | _aBandeira, Pedro | ||
| 240 | 1 | 0 |
_aO poeta e o cavaleiro _lpor |
| 245 | 1 | 0 | _aO poeta e o cavaleiro |
| 300 | _a93 | ||
| 362 | 0 | _a1999 | |
| 440 | 1 | _aFTD | |
| 697 | _aLITERATURA JUVENIL | ||
| 942 | _cBK | ||
| 999 |
_c183491 _d183491 |
||